Voyage pittoresque autour du monde. Resumé général des voyages de découvertes de Magellan,Tasman, Dampier, Anson, Byron, Wallis, Carteret, Bougainville, Cook, Lapérouse, G. Bligh, Vancouver, D'Entrecasteaux, Wilson, Baudin, Flinders, Krusenstern, Porter, Kotzebue, Freycinet, Bellinghausen, Basil Hall, Duperrey, Paulding, Berchey, Dumont D'Urville, , Lutke, Dillon, Laplace, B. Morrell, etc. publié sous la direction de M. Dumont D'Urville, Capitaine de Vaisseau. Accompagné de Cartes et de nombreuse gravures en taille douce sur acier, d'après les dessins de M. De Sainson, Dessinateur du Voyage de l'Astrolabe. Tome Premier et tome second
Gespeichert in:
| 1. Verfasser: | |
|---|---|
| Format: | Buch |
| Sprache: | Französisch |
| Veröffentlicht: |
París
Chez L. Tenré, Libraire éditeur
1834
|
| Ausgabe: | 1a. ed |
| Schlagworte: | |
| Tags: |
Tag hinzufügen
Keine Tags, Fügen Sie den ersten Tag hinzu!
|
MARC
| LEADER | 00000nam a2200000 a 4500 | ||
|---|---|---|---|
| 001 | UCJ5565 | ||
| 003 | CL-VaPUC | ||
| 005 | 20250227100128.0 | ||
| 008 | 070124e18340000FR |||||||||||||||||fre|d | ||
| 999 | |c 321674 |d 321672 | ||
| 040 | |c Pontificia Universidad Católica de Valparaíso | ||
| 082 | 0 | 4 | |a 910.4 |b DUR |2 21 |
| 100 | 0 | |a D'Urville, Dumont |e author |9 510859 | |
| 245 | 1 | 0 | |a Voyage pittoresque autour du monde. Resumé général des voyages de découvertes de Magellan,Tasman, Dampier, Anson, Byron, Wallis, Carteret, Bougainville, Cook, Lapérouse, G. Bligh, Vancouver, D'Entrecasteaux, Wilson, Baudin, Flinders, Krusenstern, Porter, Kotzebue, Freycinet, Bellinghausen, Basil Hall, Duperrey, Paulding, Berchey, Dumont D'Urville, , Lutke, Dillon, Laplace, B. Morrell, etc. publié sous la direction de M. Dumont D'Urville, Capitaine de Vaisseau. Accompagné de Cartes et de nombreuse gravures en taille douce sur acier, d'après les dessins de M. De Sainson, Dessinateur du Voyage de l'Astrolabe. Tome Premier et tome second |
| 250 | |a 1a. ed | ||
| 260 | |a París |b Chez L. Tenré, Libraire éditeur |c 1834 | ||
| 300 | |a 2 v | ||
| 500 | |a Mapas, iconografía, grabados, etc. conforme a los índices; un libro excelente por sus bien logradas ilustraciones. La Pérouse suele aparecer escrito Lapérouse; en nuestros registros empleamos la forma más común, La Pérouse por cuanto alude al condado de La Pérouse | ||
| 583 | |a last modification |c 20120606 02:51:26 |k Rodrigo Vera | ||
| 600 | 0 | 7 | |a COLON, CRISTOBAL |2 CL-VaPUC |9 265189 |
| 600 | 0 | 7 | |a PENN, WILLIAM |2 CL-VaPUC |9 510860 |
| 600 | 0 | 7 | |a HUMBOLDT, FEDERICO ENRIQUE ALEJANDRO, BARON DE |2 CL-VaPUC |9 509244 |
| 600 | 0 | 7 | |a D'ORBIGNY, ALCIDE |2 CL-VaPUC |9 510861 |
| 600 | 0 | 7 | |a BEECHEY, FREDERICK WILLIAM |2 CL-VaPUC |9 505243 |
| 600 | 0 | 7 | |a DUPERREY, LOUIS ISIDORE |2 CL-VaPUC |9 510862 |
| 600 | 0 | 7 | |a KRUSENSTERN, A.F. DE |2 CL-VaPUC |9 510863 |
| 600 | 0 | 7 | |a D'URVILLE, JULES SEBASTIEN CESAR DUMONT |2 CL-VaPUC |9 510864 |
| 600 | 0 | 7 | |a BOUGAINVILLE, LOUIS ANTOINE |2 CL-VaPUC |9 504415 |
| 600 | 0 | 7 | |a COOK, JAMES |2 CL-VaPUC |9 510865 |
| 600 | 0 | |a La Pérouse, Jean François de Galaup, Conde de |d 1741-1788 |9 859734 | |
| 600 | 0 | 7 | |a BAUDIN, NICOLAS |2 CL-VaPUC |9 510866 |
| 650 | 0 | |a Viajes |9 257115 | |
| 650 | 0 | |a Descubrimientos geográficos |9 331933 | |
| 650 | 0 | |a Expediciones científicas |9 265222 | |
| 650 | 0 | |a Cartografía |9 266055 | |
| 650 | 0 | |a Historia |9 255047 | |
| 650 | 0 | |a Antropología |9 233030 | |
| 650 | 7 | |a FLORA |2 CL-VaPUC |9 264745 | |
| 650 | 7 | |a FAUNA |2 CL-VaPUC |9 349523 | |
| 650 | 0 | |a Aborígenes |9 329972 | |
| 650 | 0 | |a Cultura |9 269059 | |
| 650 | 7 | |a INSTITUCIONES |2 CL-VaPUC |9 329701 | |
| 650 | 0 | |a Religión |9 255164 | |
| 650 | 0 | |a Recursos naturales |9 255232 | |
| 650 | 0 | |a Mapas |9 260844 | |
| 650 | 0 | |a Ilustraciones |9 369481 | |
| 650 | 0 | |a Iconografía |9 267998 | |
| 650 | 0 | |a Grabados |9 310822 | |
| 651 | 0 | |a África |9 256790 | |
| 651 | 0 | |a América |9 255182 | |
| 651 | 0 | |a Asia |9 268338 | |
| 651 | 7 | |a OCEANIA |2 CL-VaPUC |9 317234 | |
| 651 | 7 | |a POLINESIA |2 CL-VaPUC |9 510867 | |
| 852 | |a BIBCUR | ||
| 942 | |c BK |2 ddc | ||
| 945 | |d 20070124 00:00:00 |a rinostro | ||
| 952 | |0 0 |1 0 |4 0 |6 910_400000000000000_DUR_1834 |7 0 |8 X |9 400482 |a FDOBUD |b FDOBUD |d 2019-11-22 |h v.1 |i 1036394 |o 910.4 DUR 1834 |p 1036394 |r 2019-11-22 |w 2019-11-22 |y BK_X |k BUD | ||
| 952 | |0 0 |1 0 |4 0 |6 910_400000000000000_DUR_1834 |7 0 |8 X |9 400483 |a FDOBUD |b FDOBUD |d 2019-11-22 |h v.2 |i 1036408 |o 910.4 DUR 1834 |p 1036408 |r 2019-11-22 |w 2019-11-22 |y BK_X |k BUD | ||